Statistiques concernant Membres de la Société des Nations

Cliquez ici pour prendre le quiz!

Statistiques générales

  • Ce quiz a été pris 3 fois
  • Le résultat moyen est 60 sur 62

Statistiques - réponses

HintRéponse% Correct
1919Afrique du Sud
100%
1920Albanie
100%
Allemagne
100%
Argentine
100%
Australie
100%
Autriche
100%
Belgique
100%
Bolivie
100%
Brésil
100%
Bulgarie
100%
Canada
100%
Chili
100%
Chine
100%
Colombie
100%
Costa Rica
100%
Cuba
100%
Danemark
100%
Equateur
100%
Espagne
100%
Ethiopie
100%
Finlande
100%
France
100%
Grèce
100%
Guatemala
100%
Haïti
100%
Honduras
100%
1922Hongrie
100%
Inde
100%
Irak
100%
Irlande
100%
Italie
100%
Japon
100%
Lettonie
100%
Libéria
100%
Lituanie
100%
Luxembourg
100%
Mexique
100%
Nicaragua
100%
Norvège
100%
Nouvelle-Zélande
100%
Panama
100%
Pays-Bas
100%
Pérou
100%
Pologne
100%
Portugal
100%
République Dominicaine
100%
Roumanie
100%
Royaume-Uni
100%
Salvador
100%
Siam
100%
Suède
100%
Suisse
100%
Tchécoslovaquie
100%
Turquie
100%
Uruguay
100%
Venezuela
100%
Yougoslavie
100%
Afghanistan
67%
Egypte
67%
1921Estonie
67%
URSS
67%
Perse
0%

Distribution des résultats

Percentile par nombre de réponses

% des personnes avec chaque résultat

Votre développement - résultats

Vous n’avez pas pris ce quiz